Catalog

Record Details

Catalog Search



Vina a odpuštění : křesťansko-židovská spolupráce v Evropě : mezinárodní konference konaná ve dnech 11.-13. září 1992 v Praze = Schuld und Vergebung

Record details

  • ISBN: 80-901353-0-7
  • Physical Description: 37, 39 s. : il.
  • Edition: 1. vyd
  • Publisher: Praha : Nadace Konrada Adenauera, 1992

Available copies

  • 2 of 2 copies available at Common Catalog SPOK.

Holds

  • 0 current holds with 2 total copies.
Show Only Available Copies
Location Call Number / Copy Notes Barcode Shelving Location Status Due Date
Terezin Initiative Institute 4995 4594304995 Knihovna ITI Available -
The Jewish community of Prague J 671 4638304416 J - Judaika Available -

LDR 00740nam a2200205 a 4500
00127534
003CZ-PrJAB
00520220905043801.0
008011017s1992 xr gr 0 cze
020 . ‡a80-901353-0-7
035 . ‡a(CONS)2354
035 . ‡a(CZ PrSKC)zmp000011231
040 . ‡aABE323 ‡bcze
041 . ‡acze ‡ager
080 . ‡a296
24500. ‡aVina a odpuštění : ‡bkřesťansko-židovská spolupráce v Evropě : mezinárodní konference konaná ve dnech 11.-13. září 1992 v Praze = Schuld und Vergebung
24631. ‡aSchuld und Vergebung
250 . ‡a1. vyd
260 . ‡aPraha : ‡bNadace Konrada Adenauera, ‡c1992
300 . ‡a37, 39 s. : ‡bil.
8524 . ‡bJACH-ITI ‡bJACH-ITI ‡cKnihovna ITI ‡j4995 ‡p4995 ‡y$0.00
910 . ‡aABE340 ‡b4995
910 . ‡aABE461
995 . ‡ska
901 . ‡a27534 ‡bISxN ‡c27534 ‡tbiblio

Additional Resources